Statistics for Guess the Taylor Swift Song (no hints) 123

Click here to take the quiz!

General Stats

  • This quiz has been taken 33 times
  • The average score is 157 of 225

Answer Stats

Answer% Correct
I
100%
A
97%
a
97%
The
97%
(the
97%
And
93%
and
93%
It
93%
to
93%
We
93%
we
93%
were
93%
You
93%
you
93%
be
90%
it's
90%
on
90%
so
90%
go
87%
I'm
87%
In
87%
in
87%
love
87%
been
83%
my
83%
no
83%
of
83%
oh,
83%
one
83%
but
80%
But
80%
I'll
80%
not
80%
are
77%
don't
77%
I'd
77%
just
77%
our
77%
out
77%
who
77%
see
73%
there's
73%
think
73%
was
73%
what
73%
with
73%
glitch
70%
Glitch
70%
glitch,
70%
some
70%
that's
70%
back
67%
had
63%
supposed
60%
yeah
60%
days
57%
down
57%
down)
57%
even
57%
Five
57%
friends
57%
later,
57%
must
57%
seconds
57%
thought
57%
live
53%
myself
53%
town,
53%
what's
53%
nothing
50%
part
50%
stitch,
50%
system
50%
two
50%
chance
47%
counterfeit
47%
Depending
47%
kind
47%
let's
47%
mood
47%
Nights
47%
situation-ship
47%
someone
47%
sorry
47%
weekend
47%
blackout
43%
breaking
43%
else's
43%
fastening
43%
hundred
43%
maybe
43%
playground
43%
sweat
43%
system's
43%
thousand
43%
blood
40%
brief
40%
dance
40%
give
40%
glorious
40%
happenings
40%
Interruption,
40%
malfunction
40%
moonlit
40%
romance,
40%
slight
40%
wanting
40%
90
37%
happenstance
37%
starry,
37%
search
33%
dudes
30%

Score Distribution

Percentile by Number Answered

Percent of People with Each Score

Your Score History

You have not taken this quiz